| 000 | 00534nam a2200157 i 4500 | ||
|---|---|---|---|
| 001 | 75907 | ||
| 003 | ES-MaACL | ||
| 007 | t| | ||
| 008 | 040928s1982 sp ||||1| spa d | ||
| 100 | 1 |
_aGuardia Esteve, José. _960308 |
|
| 245 | 1 | 0 |
_aHacia el cultivo biológico de los árboles frutales _b: peral, manzanos y melocotoneros / _cJosé Guardia Esteve ; ilustraciones, Joni Espax. |
| 260 |
_aLérida : _bDilagro, _c1982. |
||
| 300 |
_a287 p. : _bil. ; _c22 cm. |
||
| 700 | 1 |
_aEspax, Joni. _947790 |
|
| 852 |
_aES-MaACL _jL-3859 _bR.104548 |
||
| 999 |
_c75907 _d75907 |
||